[Event "Kiev Chestnut Horse Final"]
[Site "Kiev"]
[Date "2025.04.06"]
[Round "6"]
[White "Stavroyany, Sergey"]
[Black "Pavlov, Sergey1"]
[Result "1-0"]
[WhiteElo "2296"]
[BlackElo "2464"]
[PlyCount "69"]
[EventDate "2025.04.06"]
[EventType "tourn (rapid)"]
[EventRounds "11"]
[EventCountry "UKR"]
[EventCategory "2"]
[SourceTitle "CB15_2025"]
[SourceDate "2025.04.09"]
[SourceVersion "1"]
[SourceVersionDate "2025.04.09"]
[SourceQuality "1"]

1. e4 c5 2. Nf3 e6 3. d3 d5 4. Nbd2 Nc6 5. g3 Nf6 6. Bg2 Be7 7. 0-0 0-0 8. Re1 b5 9. a4 b4 10. exd5 exd5 11. d4 cxd4 12. Nb3 Ne4 13. Nfxd4 Nxd4 14. Nxd4 Bf6 15. Be3 Bb7 16. f3 Nd6 17. Bf2 Qd7 18. a5 Ba6 19. Qd2 Nc4 20. Qc1 Rac8 21. Bf1 Qb7 22. Bd3 Rfe8 23. Rxe8+ Rxe8 24. Qf1 Qc7 25. Re1 Qc8 26. b3 Rxe1 27. Qxe1 Nd6 28. Bxa6 Qxa6 29. Qxb4 g6 30. Qc5 Nb7 31. Qc8+ Kg7 32. b4 Qc4 33. Qxc4 dxc4 34. Nc6 a6 35. Nb8 1-0

[Event "Kiev Chestnut Horse Final"]
[Site "Kiev"]
[Date "2025.04.06"]
[Round "1"]
[White "Trushko, Andrii"]
[Black "Stavroyany, Sergey"]
[Result "1-0"]
[WhiteElo "2241"]
[BlackElo "2296"]
[PlyCount "117"]
[EventDate "2025.04.06"]
[EventType "tourn (rapid)"]
[EventRounds "11"]
[EventCountry "UKR"]
[EventCategory "2"]
[SourceTitle "CB15_2025"]
[SourceDate "2025.04.09"]
[SourceVersion "1"]
[SourceVersionDate "2025.04.09"]
[SourceQuality "1"]

1. d4 Nf6 2. Bg5 d5 3. Nd2 e6 4. e3 c5 5. c3 Nc6 6. Bd3 e5 7. dxe5 Nxe5 8. Bc2 Be7 9. Ngf3 Nc6 10. 0-0 0-0 11. Re1 h6 12. Bxf6 Bxf6 13. e4 d4 14. e5 Be7 15. Qe2 dxc3 16. bxc3 Be6 17. Bb3 Qc8 18. Nc4 b5 19. Nd6 Bxd6 20. exd6 c4 21. Bc2 Bf5 22. Rad1 Bxc2 23. Qxc2 Qd7 24. Qe4 Rfe8 25. Qd5 a6 26. h3 Rad8 27. Rxe8+ Rxe8 28. a4 Rb8 29. Qc5 Rb7 30. axb5 axb5 31. Rb1 Rb8 32. Rxb5 Rxb5 33. Qxb5 Qxd6 34. Qxc4 g6 35. Qe2 Qc5 36. Qe3 Qc4 37. Nd2 Qa2 38. Ne4 Qb1+ 39. Kh2 Qb8+ 40. g3 Qe5 41. Nc5 Qd5 42. Nd3 Kg7 43. Nb4 Nxb4 44. cxb4 h5 45. Qe2 h4 46. Qb2+ f6 47. b5 hxg3+ 48. fxg3 Qb7 49. b6 g5 50. Qd4 Qf3 51. Qd7+ Kh6 52. Qd2 Qb7 53. Qf2 Kg6 54. Qc2+ Kh6 55. Qb2 Kg6 56. Kg1 f5 57. Kh2 f4 58. gxf4 gxf4 59. Qg2+ 1-0

[Event "Kiev All Ukranian 2nd"]
[Site "Kiev"]
[Date "2024.06.30"]
[Round "3"]
[White "Redko, Alyona"]
[Black "Stavroyany, Sergey"]
[Result "1/2-1/2"]
[WhiteElo "2112"]
[BlackElo "2296"]
[PlyCount "34"]
[EventDate "2024.06.30"]
[EventType "swiss (rapid)"]
[EventRounds "9"]
[EventCountry "UKR"]
[SourceTitle "CBM 220 Extra"]
[Source "ChessBase"]
[SourceDate "2024.07.31"]
[SourceVersion "1"]
[SourceVersionDate "2024.07.31"]
[SourceQuality "1"]

1. d4 d5 2. c4 c6 3. Nc3 e6 4. e3 Nf6 5. Nf3 Nbd7 6. Bd3 Be7 7. 0-0 0-0 8. b3 b6 9. Bb2 Bb7 10. Qe2 c5 11. cxd5 exd5 12. Ne5 Ne4 13. Ba6 Bxa6 14. Qxa6 cxd4 15. exd4 Nxc3 16. Bxc3 Nxe5 17. dxe5 Qd7 1/2-1/2

[Event "Kiev All Ukranian 2nd"]
[Site "Kiev"]
[Date "2024.06.30"]
[Round "2"]
[White "Stavroyany, Sergey"]
[Black "Danylyuk, Oles"]
[Result "1-0"]
[WhiteElo "2296"]
[BlackElo "1625"]
[PlyCount "67"]
[EventDate "2024.06.30"]
[EventType "swiss (rapid)"]
[EventRounds "9"]
[EventCountry "UKR"]
[SourceTitle "CBM 220 Extra"]
[Source "ChessBase"]
[SourceDate "2024.07.31"]
[SourceVersion "1"]
[SourceVersionDate "2024.07.31"]
[SourceQuality "1"]

1. Nf3 d5 2. g3 Nf6 3. Bg2 c6 4. 0-0 Bf5 5. d3 e6 6. Nbd2 Nbd7 7. Re1 Qb6 8. e4 dxe4 9. dxe4 Bg4 10. h3 Bh5 11. Nc4 Qc5 12. b3 Be7 13. Ba3 Qb5 14. Bxe7 Kxe7 15. Qd6+ Ke8 16. e5 Nd5 17. Qa3 Qc5 18. Qc1 h6 19. Nd6+ Ke7 20. Nxb7 Qb6 21. Nd6 Bxf3 22. Nc4 Qd4 23. Bxf3 N7b6 24. Qa3+ c5 25. Na5 Qc3 26. Bxd5 exd5 27. Rad1 Rac8 28. Nb7 Rc7 29. Nd6 Nc4 30. Nxc4 dxc4 31. Qa6 Rd8 32. Qxc4 Rxd1 33. Qxc3 Rd8 34. Qa5 1-0

[Event "Kiev All Ukranian 2nd"]
[Site "Kiev"]
[Date "2024.06.30"]
[Round "9"]
[White "Stavroyany, Sergey"]
[Black "Pavlov, Sergey1"]
[Result "1/2-1/2"]
[WhiteElo "2296"]
[BlackElo "2451"]
[PlyCount "91"]
[EventDate "2024.06.30"]
[EventType "swiss (rapid)"]
[EventRounds "9"]
[EventCountry "UKR"]
[SourceTitle "CBM 220 Extra"]
[Source "ChessBase"]
[SourceDate "2024.07.31"]
[SourceVersion "1"]
[SourceVersionDate "2024.07.31"]
[SourceQuality "1"]

1. Nf3 c5 2. g3 Nc6 3. Bg2 g6 4. 0-0 Bg7 5. d3 e5 6. c4 Nge7 7. Nc3 d6 8. Ne1 Be6 9. Nd5 0-0 10. Nxe7+ Qxe7 11. Nc2 Qd7 12. Ne3 Ne7 13. Nd5 Nxd5 14. cxd5 Bh3 15. a4 h5 16. e4 h4 17. gxh4 Bf6 18. h5 Bg4 19. Bf3 gxh5 20. Bxg4 Qxg4+ 21. Qxg4+ hxg4 22. f3 gxf3 23. Rxf3 Bg7 24. Bg5 f6 25. Bh4 Rf7 26. Raf1 Raf8 27. Kg2 Kh7 28. Kh3 b6 29. Kg4 Kg6 30. Rf5 Bh6 31. Bg3 Rg8 32. h4 Kh7+ 33. Kh3 Bg7 34. h5 Bh8 35. Bh4 Rgf8 36. b3 Kg8 37. Rg1+ Kh7 38. Rg6 Bg7 39. Rg2 a6 40. Ra2 Rb7 41. Raf2 Rbf7 42. Rf1 Bh8 43. R1f2 Bg7 44. Rf1 Bh8 45. R1f2 Bg7 46. Rf1 1/2-1/2

[Event "Kiev Shystariov Rapid"]
[Site "Kiev"]
[Date "2022.08.28"]
[Round "7"]
[White "Alexikov, Alexander"]
[Black "Stavroyany, Sergey"]
[Result "1-0"]
[WhiteElo "2223"]
[BlackElo "2296"]
[PlyCount "71"]
[EventDate "2022.08.27"]
[EventType "swiss (rapid)"]
[EventRounds "9"]
[EventCountry "UKR"]
[SourceTitle "CBM 209 Extra"]
[Source "ChessBase"]
[SourceDate "2022.09.30"]
[SourceVersion "1"]
[SourceVersionDate "2022.09.30"]
[SourceQuality "1"]

1. e4 e6 2. d4 d5 3. Nc3 Nf6 4. Bg5 Be7 5. e5 Nfd7 6. Bxe7 Qxe7 7. f4 0-0 8. Nf3 c5 9. dxc5 Nxc5 10. Bd3 f6 11. exf6 Rxf6 12. Qd2 Nc6 13. g3 Bd7 14. 0-0-0 Rc8 15. Kb1 a6 16. Rhe1 Qd6 17. Bf1 Be8 18. Bh3 Rd8 19. Ng5 Rh6 20. Bg4 Bh5 21. Bxh5 Rxh5 22. Qe2 Rh6 23. a3 a5 24. h4 Qd7 25. f5 d4 26. fxe6 Qe7 27. Qc4 dxc3 28. Rd7 b5 29. Qd5 Kf8 30. Rf1+ Rf6 31. Nxh7+ Kg8 32. Nxf6+ gxf6 33. Rxf6 Nxe6 34. Rxe6 Rxd7 35. Rd6+ Qf7 36. Rxd7 1-0

[Event "Kiev Spring op"]
[Site "Kiev"]
[Date "2011.03.20"]
[Round "2.6"]
[White "Stavroyany, Sergey"]
[Black "Sakhatsky, Alexandr"]
[Result "1-0"]
[WhiteElo "2297"]
[BlackElo "2004"]
[PlyCount "65"]
[EventDate "2011.03.19"]
[EventType "swiss"]
[EventRounds "9"]
[EventCountry "UKR"]
[SourceTitle "EXT 2012"]
[Source "ChessBase"]
[SourceDate "2011.11.24"]
[SourceVersion "1"]
[SourceVersionDate "2011.11.24"]
[SourceQuality "1"]

1. e4 d5 2. Nc3 d4 3. Nce2 e5 4. d3 Nc6 5. g3 Bg4 6. Bg2 Qd7 7. h3 Be6 8. f4 f6 9. Nf3 Bd6 10. c4 dxc3 11. bxc3 0-0-0 12. Be3 Ba3 13. d4 exd4 14. cxd4 Bb4+ 15. Kf2 Bc4 16. d5 Na5 17. Ned4 Bc5 18. Ne6 Bxe3+ 19. Kxe3 Re8 20. Qd4 Kb8 21. Rhc1 c6 22. Rxc4 cxd5 23. Rc5 Rxe6 24. Rxd5 Qc6 25. Rxa5 b6 26. Ra4 Ne7 27. Kf2 Qc2+ 28. Kg1 Nc6 29. Qc4 Qb2 30. Qxe6 Qxa1+ 31. Kh2 Rc8 32. Rc4 Kb7 33. e5 1-0

[Event "Kiev Independence Cup-A 10th"]
[Site "Kiev"]
[Date "2010.08.13"]
[Round "2"]
[White "Stavroyany, Sergey"]
[Black "Semenets, Grigoriy"]
[Result "1-0"]
[WhiteElo "2277"]
[BlackElo "2175"]
[PlyCount "105"]
[EventDate "2010.08.12"]
[EventType "swiss"]
[EventRounds "11"]
[EventCountry "UKR"]
[SourceTitle "CBM 138 Extra"]
[Source "ChessBase"]
[SourceDate "2010.10.29"]
[SourceVersion "1"]
[SourceVersionDate "2010.10.29"]
[SourceQuality "1"]

1. c4 e5 2. Nc3 Nf6 3. g3 d5 4. cxd5 Nxd5 5. Bg2 Be6 6. Nf3 Nc6 7. 0-0 Be7 8. d4 exd4 9. Nxd4 Nxd4 10. Qxd4 Bf6 11. Qa4+ c6 12. Nxd5 Bxd5 13. Rd1 b5 14. Qc2 Qc8 15. e4 Bc4 16. e5 Be7 17. b3 Bd5 18. Bxd5 cxd5 19. Qxc8+ Rxc8 20. Rxd5 Rc5 21. Rxc5 Bxc5 22. Bb2 Ke7 23. Rc1 Bb6 24. Kf1 Ke6 25. Ke2 h5 26. h3 Kf5 27. a4 bxa4 28. bxa4 Re8 29. Rc4 f6 30. g4+ hxg4 31. hxg4+ Kg5 32. Re4 f5 33. gxf5 Kxf5 34. Kf3 g5 35. Rc4 Rd8 36. Rc6 Bd4 37. Bxd4 Rxd4 38. Ra6 Rd7 39. e6 Rb7 40. Ke3 Ke5 41. Kd3 g4 42. Ke3 Re7 43. Ke2 Kf4 44. a5 Ke5 45. Kf1 Kd5 46. Kg2 Kc5 47. Kg3 Rg7 48. Kf4 Kb5 49. Rd6 a6 50. Rd7 Rg8 51. e7 Re8 52. Ke5 Kxa5 53. Kf6 1-0

[Event "Kiev Independence Cup-A 8th"]
[Site "Kiev"]
[Date "2008.08.19"]
[Round "7"]
[White "Dolzhikova, Kateryna"]
[Black "Stavroyany, Sergey"]
[Result "1-0"]
[WhiteElo "2339"]
[BlackElo "2236"]
[PlyCount "87"]
[EventDate "2008.08.13"]
[EventType "swiss"]
[EventRounds "11"]
[EventCountry "UKR"]
[SourceTitle "CBM 126 Extra"]
[Source "ChessBase"]
[SourceDate "2008.11.05"]
[SourceVersion "1"]
[SourceVersionDate "2008.11.05"]
[SourceQuality "1"]

1. e4 c5 2. Nf3 Nc6 3. Bb5 g6 4. Bxc6 dxc6 5. d3 Bg7 6. h3 Nf6 7. Nc3 Nd7 8. Be3 e5 9. 0-0 Qe7 10. Qd2 h6 11. Nh2 Nf8 12. f4 exf4 13. Bxf4 Ne6 14. Bg3 Nd4 15. Rae1 f6 16. Nd5 cxd5 17. exd5 Ne6 18. dxe6 0-0 19. d4 cxd4 20. Qxd4 Bxe6 21. Qe4 Kf7 22. Ng4 Qc5+ 23. Bf2 Qd5 24. Qxd5 Bxd5 25. Bc5 Rfc8 26. Re7+ Kg8 27. Bd4 Rxc2 28. Ne3 Rd2 29. Bxf6 Bf8 30. Rd7 Bxg2 31. Rxd2 Bxf1 32. Kxf1 Kf7 33. Rd8 Rxd8 34. Bxd8 Ke6 35. Ke2 b5 36. Kd3 Bg7 37. b3 Ke5 38. Bc7+ Kf6 39. Ke4 Ke6 40. Nd5 g5 41. Bb8 a6 42. Nc7+ Kd7 43. Nxa6 Bf8 44. Kd5 1-0

[Event "Kiev Independence Cup-A 8th"]
[Site "Kiev"]
[Date "2008.08.14"]
[Round "2"]
[White "Stavroyany, Sergey"]
[Black "Sivuk, Vitaly"]
[Result "1/2-1/2"]
[WhiteElo "2236"]
[BlackElo "2324"]
[PlyCount "76"]
[EventDate "2008.08.13"]
[EventType "swiss"]
[EventRounds "11"]
[EventCountry "UKR"]
[SourceTitle "CBM 126 Extra"]
[Source "ChessBase"]
[SourceDate "2008.11.05"]
[SourceVersion "1"]
[SourceVersionDate "2008.11.05"]
[SourceQuality "1"]

1. c4 f5 2. Nc3 Nf6 3. g3 g6 4. Bg2 Bg7 5. e3 0-0 6. Nge2 e5 7. d3 Nc6 8. 0-0 d6 9. Rb1 a5 10. a3 Be6 11. Nd5 Rb8 12. Qa4 Qd7 13. Nec3 Ng4 14. b4 axb4 15. axb4 Kh8 16. b5 Ne7 17. Qa5 Nxd5 18. Nxd5 b6 19. Qa7 Rbc8 20. f4 exf4 21. exf4 Bd4+ 22. Kh1 Bxd5 23. Bxd5 Qg7 24. Kg2 Rce8 25. Qa2 Qh6 26. h3 Ne3+ 27. Bxe3 Rxe3 28. Rbe1 Rxe1 29. Rxe1 g5 30. Qd2 Qg7 31. Re2 gxf4 32. Qxf4 Be5 33. Qh4 f4 34. d4 Bf6 35. Qxf4 Bxd4 36. Qg4 Qf6 37. Qf4 Qg7 38. Qg4 Qf6 1/2-1/2

[Event "Kiev Independence Cup-A 8th"]
[Site "Kiev"]
[Date "2008.08.13"]
[Round "11"]
[White "Ianov, Viktor"]
[Black "Stavroyany, Sergey"]
[Result "1/2-1/2"]
[WhiteElo "2370"]
[BlackElo "2236"]
[PlyCount "70"]
[EventDate "2008.08.13"]
[EventType "swiss"]
[EventRounds "11"]
[EventCountry "UKR"]
[SourceTitle "CBM 126 Extra"]
[Source "ChessBase"]
[SourceDate "2008.11.05"]
[SourceVersion "1"]
[SourceVersionDate "2008.11.05"]
[SourceQuality "1"]

1. Nf3 c5 2. c4 Nc6 3. g3 e5 4. Nc3 g6 5. Bg2 Bg7 6. 0-0 Nge7 7. d3 0-0 8. a3 d6 9. Rb1 f5 10. Ne1 Be6 11. Nd5 Qd7 12. b4 Rae8 13. Bg5 Bxd5 14. cxd5 Nd8 15. Bd2 b6 16. Qb3 Kh8 17. f4 Nf7 18. Nf3 exf4 19. gxf4 Ng8 20. Rbe1 Nf6 21. e3 Qb7 22. bxc5 dxc5 23. Ng5 Nxg5 24. fxg5 Ng4 25. d6 Qd7 26. h3 Ne5 27. d4 cxd4 28. exd4 Qxd6 29. d5 Nd7 30. Qa4 Rxe1 31. Rxe1 Nc5 32. Qc6 Qg3 33. Re8 Ne4 34. Rxf8+ Bxf8 35. Qe8 Kg7 1/2-1/2

[Event "Kiev-ch"]
[Site "Kiev"]
[Date "2002.01.??"]
[Round "9"]
[White "Stavroyany, Sergey"]
[Black "Arutiunov, Viktor"]
[Result "1-0"]
[WhiteElo "2194"]
[BlackElo "2092"]
[PlyCount "79"]
[EventDate "2002.01.??"]
[EventType "swiss"]
[EventRounds "11"]
[EventCountry "UKR"]
[SourceTitle "CBM 086 Extra"]
[Source "ChessBase"]
[SourceDate "2002.03.14"]
[SourceVersion "1"]
[SourceVersionDate "2002.03.14"]
[SourceQuality "1"]

1. e4 c5 2. Nc3 g6 3. g3 Bg7 4. Bg2 Nc6 5. d3 d6 6. Be3 e6 7. f4 Nge7 8. Nf3 Nd4 9. 0-0 Nec6 10. Ne1 0-0 11. Qd2 Rb8 12. Nd1 f5 13. c3 Nb5 14. Nf3 Nc7 15. Bf2 Ne8 16. e5 b6 17. d4 cxd4 18. cxd4 dxe5 19. dxe5 Ba6 20. Qxd8 Rxd8 21. Ng5 Bxf1 22. Kxf1 Nd4 23. Bxd4 Rxd4 24. Nxe6 Rd2 25. Nxf8 Bxf8 26. h4 Bc5 27. Bf3 Nc7 28. a3 Nb5 29. Ke1 Rc2 30. Bc6 Nd4 31. Bd5+ Kf8 32. b4 Be7 33. Nf2 a5 34. Rb1 axb4 35. axb4 Rc3 36. Kd2 Rxg3 37. Nd3 Bxh4 38. Ra1 Bd8 39. Ra8 Ke8 40. e6 1-0